Normal view
MARC view
Entry Personal Name
001 - CONTROL NUMBER
- control field: 9861
003 - CONTROL NUMBER IDENTIFIER
- control field: TZ-ArACH
005 - DATE AND TIME OF LATEST TRANSACTION
- control field: 20130510082744.0
008 - FIXED-LENGTH DATA ELEMENTS
- fixed length control field: 130510|||a|||||| | ||| d
040 ## - CATALOGING SOURCE
- Original cataloging agency: TZ-ArACH
- Transcribing agency: TZ-ArACH
100 ## - HEADING--PERSONAL NAME
- Personal name: Ryckmans, André,
- Dates associated with a name: 1929-1960.
670 ## - SOURCE DATA FOUND
- Source citation: Work cat.: (TZ-ArACH)2193: Ryckmans, André, 1929-1960., Droit coutumier africain : proverbes judiciaires kongo (Zaïre) /, c1992.
670 ## - SOURCE DATA FOUND
- Source citation: Work cat.: (TZ-ArACH)2193: Ryckmans, André, 1929-1960., Droit coutumier africain : proverbes judiciaires kongo (Zaïre) /, c1992.
